| 000 | 00592nam a22001817a 4500 | ||
|---|---|---|---|
| 003 | OSt | ||
| 005 | 20140310182027.0 | ||
| 008 | 130814t xxu||||| |||| 00| 0 eng d | ||
| 020 | _a9715116442 | ||
| 050 |
_aBV 4501.2 _b.J54 2000 |
||
| 082 |
_aHS 158 _bJ41 1995 |
||
| 100 |
_aJenson, Dr. Ron _99965 |
||
| 245 |
_aMake a life not just a living : _b10 timoless life skills that will maximize your real net worth / _cDr. Ron Jenson. |
||
| 260 |
_aMandaluyong City, Metro Manila: _bOMF Literature Inc., _cc2000. |
||
| 300 |
_axxi, 232 p. : _bill. ; _c23 cm. |
||
| 942 |
_2lcc _cHS |
||
| 999 |
_c8499 _d8499 |
||